| 000 | 00606nam a2200205 a 4500 | ||
|---|---|---|---|
| 001 | 51207 | ||
| 003 | BD-RjUL | ||
| 005 | 20211209075626.0 | ||
| 008 | 160830s1961 enk 000 0 eng d | ||
| 035 | _a(BD-RjUL) 51327 | ||
| 040 |
_aCCH _dm/c _beng _cBD-RjUL |
||
| 041 | _aeng | ||
| 082 |
_223 _a510 _bCOC 1961 |
||
| 100 | 1 |
_aComrie, L. J. _q(Leslie John), _d1893-1950 _9153198 |
|
| 245 | 1 | 0 |
_aChamber's shorter six-figure mathematical tables / _cL. J. Comrie |
| 260 |
_aEdinburgh : _bW. & R. Chambers, _c1961 |
||
| 300 |
_axxvi, 387 p. ; _c25 cm |
||
| 650 | 0 |
_aMathematics _vTables _9153199 |
|
| 942 |
_2ddc _cBK |
||
| 999 |
_c51207 _d51207 |
||